Statistics for Territory and region flags

Click here to take the quiz!

General Stats

  • This quiz has been taken 372 times
  • The average score is 26 of 46

Answer Stats

Answer% Correct
Guam
92%
Greenland
90%
Hong Kong
90%
Isle of Man
90%
Faroe Islands
85%
Macau
82%
Gibraltar
78%
Palestine
78%
U.S. Virgin Islands
77%
American Samoa
73%
Guernsey
68%
Jersey
68%
New Caledonia
64%
Svalbard and Jan Mayen
64%
Aruba
63%
French Polynesia
63%
Western Sahara (Sahrawi Republic)
62%
Cook Islands
61%
Christmas Islands
60%
Norfolk Island
60%
Niue
57%
French Guiana
55%
Falkland Islands
52%
Saint Pierre and Miquelon
51%
Tokelau
51%
Bermuda
50%
Cocos Islands
49%
Martinique
49%
Anguilla
47%
British Indian Ocean Territory
47%
Guadeloupe
47%
Northern Mariana Islands
47%
British Virgin Islands
44%
Wallis and Futuna
44%
Antarctica
40%
Mayotte
40%
Montserrat
40%
Turks and Caicos Islands
40%
Reunion
39%
South Georgia and the South Sandwich Islands
39%
Saint Helena
38%
Cayman Islands
36%
Pitcairn Islands
34%
French Southern Lands
29%
Bouvet Island
20%
Heard Island and McDonald Islands
15%

Score Distribution

Percentile by Number Answered

Percent of People with Each Score

Your Score History

You have not taken this quiz